B D Chaurasias Human Anatomy : Volume 1 (Record no. 156755)
[ view plain ]
| 000 -LEADER | |
|---|---|
| fixed length control field | 00333nam a2200121Ia 4500 |
| 008 - FIXED-LENGTH DATA ELEMENTS--GENERAL INFORMATION | |
| fixed length control field | 230411s9999 xx 000 0 und d |
| 041 ## - LANGUAGE CODE | |
| Language code of text/sound track or separate title | eng |
| 082 ## - DEWEY DECIMAL CLASSIFICATION NUMBER | |
| Classification number | A/611/GAR/B06341 |
| 100 ## - MAIN ENTRY--PERSONAL NAME | |
| Personal name | Chaurasia B D |
| 245 ## - TITLE STATEMENT | |
| Title | B D Chaurasias Human Anatomy : Volume 1 |
| 260 ## - PUBLICATION, DISTRIBUTION, ETC. (IMPRINT) | |
| Name of publisher, distributor, etc. | CBS Publishers & Distributors |
| Place of publication, distribution, etc. | New Delhi |
| Withdrawn status | Lost status | Damaged status | Not for loan | Collection code | Home library | Current library | Date acquired | Vendor | Cost, normal purchase price | Total Checkouts | Full call number | Barcode | Date last seen | Cost, replacement price | Bill Date | Koha item type | Original Barcode |
|---|---|---|---|---|---|---|---|---|---|---|---|---|---|---|---|---|---|
| Smt. Bakul Tambat Institute of Nursing Education | Smt. Bakul Tambat Institute of Nursing Education | 12/07/2010 | B.J.Medical Co-oprative College Stores | 395.00 | A 611 GAR B06341 | BTIN-BK-6341 | 11/04/2023 | 273.00 | 20/10/2004 | Books | B06341 |